000 00673nam a2200253 i 4500
001 C2-0098094
003 PPAK
005 20180727094316.0
008 970522s1989 mau |||| ||||| | eng d
020 _a0205123643
040 _aPPAK
_beng
_cPPAK
_erda
082 0 4 _a616.855
_223
090 0 0 _a616.855
_bTHO
_dG
100 1 _aThomas, Paulette J.,
_eauthor
245 1 0 _aSpeech and langauge
264 1 _aBoston, Massachusetts :
_bAllyn and Bacon ,
_c1989
300 _axiii, 175 pages ;
_c24 cm
336 _2rdacontent
_atext
337 _2rdamedia
_aunmediated
338 _2rdacarrier
_avolume
650 1 0 _aSpeech therapy
700 _eauthor
942 _ddc
_cB
999 _c21660
_d21660